[Event "18th European Teams"]
[Site "Porto Carras GRE"]
[Date "2011.11.06"]
[Round "4"]
[Board "1"]
[White "Banikas, Hristos"]
[Black "Jobava, Baadur"]
[Result "1/2-1/2"]
[WhiteTitle "GM"]
[BlackTitle "GM"]
[WhiteElo "2620"]
[BlackElo "2678"]
[WhiteTeam "Greece"]
[BlackTeam "Georgia"]
[WhiteFideId "4202031"]
[BlackFideId "13601520"]
[EventDate "2011.11.03"]

1. d4 Nf6 2. c4 e6 3. Nf3 Bb4+ 4. Bd2 Bxd2+ 5. Qxd2 d5 6. g3 Nbd7 7. Bg2 c6 8.
cxd5 exd5 9. Qe3+ Qe7 10. Qxe7+ Kxe7 11. Nfd2 Ne8 12. Nc3 Nd6 13. O-O-O Ke8 1/2-1/2

[Event "18th European Teams"]
[Site "Porto Carras GRE"]
[Date "2011.11.06"]
[Round "4"]
[Board "1"]
[White "Sulskis, Sarunas"]
[Black "Lupulescu, Constantin"]
[Result "1-0"]
[WhiteTitle "GM"]
[BlackTitle "GM"]
[WhiteElo "2577"]
[BlackElo "2657"]
[WhiteTeam "Lithuania"]
[BlackTeam "Romania"]
[WhiteFideId "12800112"]
[BlackFideId "1207822"]
[EventDate "2011.11.03"]

1. Nf3 d5 2. d4 Nf6 3. c4 e6 4. Nc3 dxc4 5. e4 Bb4 6. Bxc4 Nxe4 7. O-O Nxc3 8.
bxc3 Bd6 9. Ng5 h6 10. Qh5 O-O 11. Re1 hxg5 12. Bxg5 Be7 13. Bd3 f5 14. Bxe7
Qxe7 15. Bxf5 Rxf5 16. Qxf5 exf5 17. Rxe7 Bd7 18. Rae1 b5 19. h4 a5 20. h5 b4
21. R1e3 Kf8 22. h6 gxh6 23. Rh7 Kg8 24. Rxh6 f4 25. Rf3 Nc6 26. Rxf4 Kg7 27.
Rh5 Kg6 28. Rc5 Re8 29. cxb4 axb4 30. d5 Re1+ 31. Kh2 Ne5 32. Rxc7 Re2 33. Kg3
Nd3 34. Rd4 Bf5 35. d6 Ne5 36. Rcc4 Kf6 37. Rf4 1-0

[Event "18th European Teams w"]
[Site "Porto Carras GRE"]
[Date "2011.11.06"]
[Round "4"]
[Board "3"]
[White "Hernandez Estevez, Yudania"]
[Black "Guichard, Pauline"]
[Result "0-1"]
[WhiteTitle "WIM"]
[BlackTitle "WGM"]
[WhiteElo "2284"]
[BlackElo "2305"]
[WhiteTeam "Spain"]
[BlackTeam "France"]
[WhiteFideId "2219344"]
[BlackFideId "639370"]
[EventDate "2011.11.03"]

1. e4 e5 2. Nf3 Nc6 3. Bb5 a6 4. Ba4 Nge7 5. O-O g6 6. d4 exd4 7. Nxd4 Bg7 8. c3
O-O 9. Bg5 f6 10. Be3 Kh8 11. Qe2 Nxd4 12. Bxd4 d6 13. Rd1 Bd7 14. Bc2 Nc6 15.
Be3 Qe7 16. Nd2 Rae8 17. Nf3 f5 18. exf5 Bxf5 19. Bxf5 Rxf5 20. Re1 Ne5 21. Nd4
Rh5 22. Bf4 c5 23. Nc2 Rf5 24. Bg3 Bh6 25. Ne3 Rff8 26. h4 Qf7 27. Qd1 Bf4 28.
Rf1 Qe6 29. Qd5 Bxe3 30. Qxe6 Rxe6 31. Bxe5+ Rxe5 32. fxe3 Kg7 33. Rad1 d5 34.
e4 Rd8 35. exd5 Rexd5 36. Rxd5 Rxd5 37. Rf2 b5 38. g3 Rd1+ 39. Kg2 h5 40. a3 Rb1
41. Kh2 Rd1 42. Kh3 c4 43. Kg2 Rd6 44. Kg1 Rf6 45. Rd2 Kf7 46. Rd4 Ke6 47. a4
Ke5 48. axb5 axb5 49. Kg2 Rf8 50. Rd7 Ke4 51. Rd6 Ke3 52. Re6+ Kd3 53. Re5 Rb8
54. Kf3 Rf8+ 55. Kg2 Rb8 56. Kf3 b4 57. Re3+ Kc2 58. Re2+ Kd3 59. Re3+ Kc2 60.
Re2+ Kd1 61. Re4 bxc3 62. bxc3 Rc8 63. g4 Kd2 64. Re6 Rf8+ 65. Kg3 Rg8 66. Kf4
hxg4 67. Kxg4 Kxc3 68. Kg5 Kd2 69. Rd6+ Ke3 70. Rc6 Kd3 71. Rd6+ Ke4 72. Rc6 Kd5
73. Rc7 Rh8 74. Kxg6 Rxh4 75. Kf5 Kd4 76. Rd7+ Ke3 77. Rc7 Kd3 78. Rd7+ Rd4 79.
Rh7 c3 80. Ke5 Rg4 81. Rd7+ Ke2 82. Rc7 Kd2 83. Rd7+ Kc1 84. Rd8 c2 85. Rb8 Kd2 0-1